Globalizácia a jej dopad na vzdelávacie programy škôl
Obsah termínu globalizácia. Kľúčové kompetencie pre celoživotné učenie. Škola prestáva byť hlavným zdrojom informácií. Prechod k informačnej, učiacej sa spoločnosti. Globálna kultúrna gramotnosť. Vedecko-technický rozvoj. Zbližovanie odborného a všeobecného vzdelávania. Procesuálna stránka výučby.
Saved in:
| Main Author: | |
|---|---|
| Format: | Book Chapter |
| Language: | Slovak |
| Subjects: | |
| Tags: |
No Tags, Be the first to tag this record!
|
MARC
| LEADER | 00000naa$a2200000$$$4500 | ||
|---|---|---|---|
| 001 | 0088456 | ||
| 005 | 20231127101340.9 | ||
| 041 | 0 | |a slo | |
| 044 | |a SK | ||
| 245 | 1 | 0 | |a Globalizácia a jej dopad na vzdelávacie programy škôl |c Ivan Turek |
| 520 | |a Obsah termínu globalizácia. Kľúčové kompetencie pre celoživotné učenie. Škola prestáva byť hlavným zdrojom informácií. Prechod k informačnej, učiacej sa spoločnosti. Globálna kultúrna gramotnosť. Vedecko-technický rozvoj. Zbližovanie odborného a všeobecného vzdelávania. Procesuálna stránka výučby. | ||
| 610 | 2 | 0 | |a vyučovanie |
| 610 | 2 | 0 | |a globalizácia |
| 610 | 2 | 0 | |a kompetencie |
| 610 | 2 | 0 | |a študenti |
| 610 | 2 | 0 | |a migrácia |
| 610 | 2 | 0 | |a demografia |
| 610 | 2 | 0 | |a školy |
| 100 | 1 | |a Turek, Ivan | |